| 000 | 00508nam a2200181 i 4500 | ||
|---|---|---|---|
| 001 | bg | ||
| 100 | 1 | _aALAGIC, Suad | |
| 245 | 0 |
_aProjektowanie programów poprawnych i dobrze zbudowanych / _cS. Alagic, M A. Arbib. |
|
| 260 |
_aWarszawa, _c1982. |
||
| 490 | 1 | _aBiblioteka Inżynierii Oprogramowania | |
| 700 | 1 | _aARBIB, Michael A. | |
| 830 | _aBiblioteka Inżynierii Oprogramowania | ||
| 040 | _cBPK | ||
| 041 | _apol | ||
| 080 | _a519.68 | ||
| 942 | _cKS | ||
| 008 | s pl f |000 0 pol | ||
| 999 |
_c21168 _d21168 |
||
| 856 |
_uhttp://koha.tu.koszalin.pl/cgi-bin/koha/opac-detail.pl?biblionumber=21168 _yKatalog online BPK |
||